000 00635nam a2200229Ia 4500
003 OSt
005 20221007071856.0
006 a|||||r|||| 00| 0
007 ta
008 221006b |||||||| |||| 00| 0 eng d
024 _a29,892
037 _cTextual
040 _aFLL
_cFLL
_beng
041 _2eng
_aeng
082 _aZ1:Av1:N1, F0.1
100 _aGarner James Wilford
245 0 _aInternational law and the world war
260 _aLondon
_bLongmans, Green and Co. London
_c1920
300 _axviii,514p
_ccm.
942 _hZ1:Av1:N1, F0.1
_cTEXL
_2CC
999 _c1144559
_d1144559